| 000 | 00941nam a2200253 i 4500 | ||
|---|---|---|---|
| 001 | 6369 | ||
| 003 | ES-MaACL | ||
| 005 | 20231103062523.0 | ||
| 007 | t| | ||
| 008 | 891005m19131951fr ||||1| fre d | ||
| 080 | _a323(44)"1789/1799" | ||
| 080 | _a9(44)"1789/1799" | ||
| 245 | 0 | 0 |
_aRapports des agents du Ministre de l'Interieur dans les Departements _b: (1793-An II) / _cpublies par Pierre Caron. |
| 260 |
_aParis : _bImprimerie Nationale, _c1913-1951. |
||
| 300 |
_a2 v. ; _c28 cm. |
||
| 490 | 1 | _aCollection de documents inedits sur l'histoire de France | |
| 500 | _at. I. publicado en 1913 y t. II. en 1951. | ||
| 651 | 4 |
_aFrancia- _xPolítica interior- _y1789-1799. _98705 |
|
| 651 | 4 |
_aFrancia- _xHistoria- _y1789-1799, Revolución _98685 |
|
| 700 | 1 |
_aCaron, Pierre. _935421 |
|
| 830 | 0 |
_aCollection de documents inedits sur l'histoire de France _9227797 |
|
| 852 |
_aES-MaACL _jL-13562-3 _bR.117169 |
||
| 999 |
_c6369 _d6369 |
||